Olympischer Medaillenspiegel - Siebener-Rugby - Statistiken

Allgemein
  • Dieses Quiz wurde 24 mal gespielt
  • Das Durchschnittsergebnis liegt bei 6 aus 8
Antwortstatistiken
Gesamt Gold Silber Bronze Land % Korrekt
1 1 0 0 Australien
100%
3 1 2 0 Neuseeland
100%
1 0 1 0 Frankreich
92%
3 2 0 1 Fidschi
83%
1 0 1 0 Großbritannien
83%
1 0 0 1 Südafrika
71%
1 0 0 1 Kanada
67%
1 0 0 1 Argentinien
50%
Keine übereinstimmenden Quizze gefunden
Verteilung der Resultate
Anzahl Personen mit jedem Resultat
Perzentil nach korrekt beantworteten Fragen
Ihre Resultats-Entwicklung
Sie haben dieses Quiz noch nicht gespielt